000 00855nam a2200265Ia 4500
003 GCL
005 20240530102230.0
008 140319s9999 xx 000 0 ara d
040 _aGCL /
_cGCL
082 0 4 _a350.17
_bم م
100 0 _aمحمد منير حجاب
245 1 0 _aالمداخل الاساسية للعلاقات العامة /
_cمحمد منير حجاب
260 _a[S.N] :
_bدار الفجر الاسلامى ،
_c1992
300 _a261
490 _aسلسلة دراسات وبحوث اعلامية
_v0
650 0 4 _aالاقتصاد
650 0 4 _aالتخطيط
650 0 4 _aالتنظيم
650 0 4 _aالعلاقات العامة
650 0 4 _aالادارة العامة
650 0 4 _aانواع نظم الحاسبات
650 0 4 _aالقيادة
700 1 _aسحر محمد وهبى
942 _2ddc
_cBK
999 _c30760
_d30760